Business law

Guardat en:
Dades bibliogràfiques
Autor principal: Anderson, Ronald Aberdeen (Autor)
Format: Llibre
Idioma:anglès
Publicat: Cincinnati South-Western 1980
Edició:11a. ed
Matèries:
Etiquetes: Afegir etiqueta
Sense etiquetes, Sigues el primer a etiquetar aquest registre!

MARC

LEADER 00000nam a2200000 a 4500
001 UCV0825
003 CL-VaPUC
008 890510e19800000US |||||||||||||||||eng|d
082 0 4 |a 340.08  |b AND  |2 21 
100 0 |a Anderson, Ronald Aberdeen  |e author  |9 295138 
245 1 0 |a Business law 
250 |a 11a. ed 
300 |a 905 p 
942 |c BK 
945 |d 19890510 00:00:00 
260 |a Cincinnati  |b South-Western  |c 1980 
650 7 |a JURISPRUDENCIA MERCANTIL  |2 CL-VaPUC  |9 255548 
651 0 |a Estados Unidos  |9 255178 
583 |a last modification  |c 19890510 00:00:00  |k Rodrigo Vera 
999 |c 209019  |d 209017 
952 |0 0  |1 0  |4 0  |6 340_080000000000000_AND_1980  |7 0  |8 P  |9 184122  |a BIBDER  |b BIBDER  |d 2019-11-14  |i 2512815  |o 340.08 AND 1980  |p 2512815  |r 2023-01-25  |w 2019-11-14  |y BK  |k DER